000 01493cam a22003615a 4500
001 15227739
005 20201128024056.0
008 080321t2009 paua frb 001 0 eng d
010 _a 2008013149
020 _a9781599049847 (hardcover)
020 _a1599049848 (hardcover)
040 _aDLC
_cDLC
_dBAKER
_dBTCTA
_dYDXCP
_dC#P
_dDLC
_dEG-ScBUE
_beng
082 0 4 _a006.7
_222
_bMUL
245 0 0 _aMultimedia transcoding in mobile and wireless networks /
_cAshraf M.A. Ahmad, Ismail Khalil Ibrahim [editors].
260 _aHershey :
_bInformation Science Reference,
_cc.2009.
300 _axix, 439 p. :
_bill. ;
_c29 cm.
500 _aIndex : p. 435-439.
504 _aBibliography : p. 389-427.
520 _a"This book is designed to provide readers with relevant theoretical frameworks and latest technical and institutional solutions for transcoding multimedia in mobile and wireless networks"--Provided by publisher.
590 _aSAMEH
650 7 _aMultimedia communications.
_2BUEsh
_937797
650 7 _aMobile communication systems.
_2BUEsh
_912951
650 7 _aWireless Internet.
_2BUEsh
650 7 _aMobile computing.
_2BUEsh
_9835
650 7 _aCoding theory.
_2BUEsh
_92636
651 _2BUEsh
653 _bCOMSCI
_cDecember2016
655 _vReading book
_934232
700 1 _aAhmad, Ashraf M. A.
_eeditor.
700 1 _aIbrahim, Ismail Khalil.
_eeditor.
856 4 1 _3Table of contents only
_uhttp://www.loc.gov/catdir/toc/ecip0814/2008013149.html
942 _2ddc
999 _c23624
_d23596